| 000 | 00630nam a2200145Ia 4500 | ||
|---|---|---|---|
| 008 | 170221s9999 xx 000 0 und d | ||
| 100 | _aTatyana N. Petrova | ||
| 245 | _aEducation as the Management of Research Universities Students' Socialization | ||
| 245 | _cTatyana N. Petrova, Olga V. Kirillova, Svetlana G. Sokolova, Natalya B. Pugacheva, Alfiya F. Galimullina, Olga G. Maksimova, Tatyana V. Antonova, Vladimir V. Kozhanov | ||
| 260 | _bInternational Review of Management and Marketing | ||
| 260 | _c2012 | ||
| 300 | _a7 : 1 | ||
| 650 | _xMarketing. | ||
| 856 | _uhttp://www.econjournals.com/index.php/irmm/issue/view/71 | ||
| 999 |
_c313910 _d313910 |
||